000 00224nam a2200097Ia 4500
008 120527s9999 xx 000 0 und d
100 _aDONELLAN,Craig.
245 _aCrime and Disorder.
260 _bIndependence
942 _cBK
999 _c23764
_d23764